| 000 | 01291 a2200241 4500 | ||
|---|---|---|---|
| 001 | 25309 | ||
| 005 | 20260407155537.0 | ||
| 008 | 260407a2000 arg spa d | ||
| 003 | AR-UNSa-BCEJYS | ||
| 040 |
_aAR-UNSa-BCEJYS _bspa _cAR-UNSa-BCEJYS |
||
| 080 |
_a658.11 _xClases y formas de las empresas( pequeñas y medianas empresas...Pymes) |
||
| 245 | 1 | 0 |
_aModelo Modular _puna estrategia para reducir costos de un funcionamiento en la PYME |
| 020 | _a987-43-2876-2 | ||
| 264 | 1 |
_aSalta : _bUniversidad Nacional de Salta. Facultad de Ciencias Económicas, Jurídicas y Sociales _c2000 |
|
| 300 |
_a240 p. _c23 cm. |
||
| 505 | _a1. Particularidades de la pequeña y mediana empresa(PYME) - 2. La PYME en la provincia de Salta.Cultura empresarial local - 3. El entorno empresarial de fin de milenio - 4. Nuevas formas de organizar el trabajo en la empresa - 5. Modelo modular - 6. Proceso para el diseño del modelo - 7. Razones que justifican utilizar el modelo en la PYME - 8. Casos prácticos.Enunciados y soluciones. | ||
| 041 | _aspa | ||
| 942 | _cBK | ||
| 590 | _aniveau_biblio:m niveau_hierar:0 | ||
| 100 | 1 | _aDe Zuani, Elio Rafael | |
| 700 | 1 | _aFernández, Juan José | |
| 856 | 4 | 1 |
_uhttps://biblioeco.unsa.edu.ar/pmb/images/libros/Modelo Modular.jpg _yImagen de portada _qimage/jpeg |
| 999 |
_c1359 _d1359 |
||